[Event "Longtou Cup 2nd"]
[Site "Qinhuangdao"]
[Date "2019.04.25"]
[Round "9"]
[White "Li, Yunshan"]
[Black "Buynitskiy, Daniil"]
[Result "1-0"]
[WhiteElo "2191"]
[BlackElo "2095"]
[PlyCount "145"]
[EventDate "2019.04.16"]
[EventType "swiss"]
[EventRounds "9"]
[EventCountry "CHN"]
[SourceTitle "CBM 190 Extra"]
[Source "ChessBase"]
[SourceDate "2019.07.15"]
[SourceVersion "1"]
[SourceVersionDate "2019.07.15"]
[SourceQuality "1"]

1. d4 Nf6 2. c4 e5 3. dxe5 Ng4 4. e3 Nxe5 5. f4 Ng6 6. Nf3 Bc5 7. g3 Qe7 8. Kf2 0-0 9. Nc3 Re8 10. Nd5 Qd8 11. Bd3 c6 12. Nc3 d6 13. h4 Nf8 14. Ne4 Nbd7 15. Bc2 Nf6 16. Nxc5 dxc5 17. Qxd8 Rxd8 18. b3 Bg4 19. Bb2 N8d7 20. e4 Bh5 21. Rhe1 Ng4+ 22. Kg2 f6 23. Rad1 Nf8 24. e5 fxe5 25. fxe5 Rxd1 26. Bxd1 Rd8 27. Bc2 Nh2 28. Kxh2 Bxf3 29. Bc3 Bg4 30. b4 cxb4 31. Bxb4 c5 32. Bc3 Be6 33. Be4 Bxc4 34. Bxb7 Ne6 35. Be4 Bd3 36. Bg2 Kf7 37. Re3 Bg6 38. Ba5 Rd3 39. Re2 Ke7 40. Rb2 Nd4 41. Rb7+ Ke6 42. Rxa7 Kxe5 43. Rxg7 Nf3+ 44. Bxf3 Rxf3 45. g4 Rf2+ 46. Kg3 Rxa2 47. Bc3+ Kd5 48. Kf4 Kc4 49. Be5 Ra6 50. h5 Bd3 51. g5 Kb3 52. g6 hxg6 53. h6 g5+ 54. Kxg5 c4 55. Rb7+ Kc2 56. h7 Bxh7 57. Rxh7 Rc6 58. Rh2+ Kd3 59. Rh3+ Kd2 60. Bc3+ Kc2 61. Kf4 Rd6 62. Be5 Rd3 63. Rh2+ Rd2 64. Rh1 Kd3 65. Rh3+ Ke2 66. Rc3 Ra2 67. Rxc4 Kd3 68. Rc3+ Kd2 69. Ke4 Ra8 70. Rh3 Kc2 71. Rh2+ Kb3 72. Kd3 Ra2 73. Rh8 1-0

[Event "Longtou Cup 2nd"]
[Site "Qinhuangdao"]
[Date "2019.04.24"]
[Round "8"]
[White "Buynitskiy, Daniil"]
[Black "Gu, Tianlu"]
[Result "1-0"]
[WhiteElo "2095"]
[BlackElo "2201"]
[PlyCount "145"]
[EventDate "2019.04.16"]
[EventType "swiss"]
[EventRounds "9"]
[EventCountry "CHN"]
[SourceTitle "CBM 190 Extra"]
[Source "ChessBase"]
[SourceDate "2019.07.15"]
[SourceVersion "1"]
[SourceVersionDate "2019.07.15"]
[SourceQuality "1"]

1. d4 Nf6 2. c4 e6 3. Nf3 d5 4. Nc3 dxc4 5. e3 a6 6. a4 c5 7. Bxc4 Nc6 8. 0-0 Be7 9. Qe2 cxd4 10. Rd1 0-0 11. exd4 Nd5 12. Ne5 Ncb4 13. Ne4 b6 14. Ra3 f6 15. Rh3 Qe8 16. Nd3 Kh8 17. Nxb4 Nxb4 18. Ng5 fxg5 19. Qe4 h6 20. Qxa8 g4 21. Re3 Qh5 22. Rf1 Bd6 23. g3 Bd7 24. Qe4 Nd5 25. Rb3 Nf6 26. Qg2 Rc8 27. Be2 Bc6 28. f3 Bd5 29. Rc3 Rf8 30. fxg4 Bxg2 31. gxh5 Bxf1 32. Bxf1 e5 33. Rc6 Bb8 34. dxe5 Bxe5 35. Bxa6 Bd4+ 36. Kg2 Ne4 37. Rc4 Rf2+ 38. Kh3 Nc5 39. Rxd4 Nxa6 40. Rd6 Nc5 41. Rxb6 Nxa4 42. Rb4 Rc2 43. Bxh6 gxh6 44. Rxa4 Rxb2 45. Ra7 Kg8 46. Ra4 Kg7 47. Rf4 Ra2 48. Rf3 Rb2 49. g4 Ra2 50. Kg3 Rb2 51. Ra3 Rc2 52. h4 Rc5 53. Ra4 Rb5 54. Kf4 Rb6 55. Ra7+ Kg8 56. Ra5 Kg7 57. g5 Rb4+ 58. Kf5 Rb6 59. Ra7+ Kg8 60. Ra5 Kg7 61. Rc5 Ra6 62. Rc7+ Kg8 63. Re7 Rb6 64. Re6 Rb7 65. Kg6 Rg7+ 66. Kxh6 Rh7+ 67. Kg6 Rg7+ 68. Kf5 Rf7+ 69. Kg4 Ra7 70. h6 Rb7 71. Kh5 Ra7 72. Rb6 Rc7 73. Rb8+ 1-0

[Event "Longtou Cup 2nd"]
[Site "Qinhuangdao"]
[Date "2019.04.22"]
[Round "6"]
[White "Buynitskiy, Daniil"]
[Black "Kirienko, Vladimir"]
[Result "1/2-1/2"]
[WhiteElo "2095"]
[BlackElo "2100"]
[PlyCount "41"]
[EventDate "2019.04.16"]
[EventType "swiss"]
[EventRounds "9"]
[EventCountry "CHN"]
[SourceTitle "CBM 190 Extra"]
[Source "ChessBase"]
[SourceDate "2019.07.15"]
[SourceVersion "1"]
[SourceVersionDate "2019.07.15"]
[SourceQuality "1"]

1. d4 d5 2. c4 c6 3. Nf3 Nf6 4. cxd5 cxd5 5. Nc3 Nc6 6. Bf4 Bf5 7. e3 e6 8. Bb5 Bd6 9. 0-0 0-0 10. Bxd6 Qxd6 11. Rc1 Rac8 12. a3 a6 13. Bxc6 Rxc6 14. Ne5 Rc7 15. Qb3 Rfc8 16. Ne2 Rxc1 17. Rxc1 Rxc1+ 18. Nxc1 Qc7 19. Qc3 Qxc3 20. bxc3 Bc2 21. c4 1/2-1/2

[Event "Longtou Cup 2nd"]
[Site "Qinhuangdao"]
[Date "2019.04.20"]
[Round "5"]
[White "Elgendy, Hesham"]
[Black "Buynitskiy, Daniil"]
[Result "0-1"]
[WhiteElo "2049"]
[BlackElo "2095"]
[PlyCount "106"]
[EventDate "2019.04.16"]
[EventType "swiss"]
[EventRounds "9"]
[EventCountry "CHN"]
[SourceTitle "CBM 190 Extra"]
[Source "ChessBase"]
[SourceDate "2019.07.15"]
[SourceVersion "1"]
[SourceVersionDate "2019.07.15"]
[SourceQuality "1"]

1. d4 Nf6 2. c4 g6 3. Nc3 Bg7 4. e4 0-0 5. f4 d6 6. Nf3 c5 7. d5 b5 8. cxb5 a6 9. e5 dxe5 10. fxe5 Ng4 11. Bf4 Nd7 12. Be2 Ndxe5 13. 0-0 Nxf3+ 14. Bxf3 Bd4+ 15. Kh1 Ne3 16. Bxe3 Bxe3 17. d6 Ra7 18. Nd5 Bg5 19. dxe7 Bxe7 20. b6 Rd7 21. Qb3 Bb7 22. Rad1 Bd6 23. Bg4 Bxd5 24. Rxd5 Rb7 25. Rfd1 Rxb6 26. Qd3 Qh4 27. Rxd6 Rxd6 28. Qxd6 Qxg4 29. h3 Qa4 30. a3 Rc8 31. Qd5 Qc6 32. Qc4 Qb5 33. Qxb5 axb5 34. Rd7 c4 35. Rd5 Rb8 36. Rc5 Kf8 37. Kg1 Ke7 38. Rc7+ Ke6 39. Kf1 Rd8 40. a4 Kd6 41. Ra7 bxa4 42. Rxa4 Kc5 43. Ra5+ Kb4 44. Ra7 Rb8 45. Rxf7 Kb3 46. Rf2 Ka2 47. Rc2 Rb4 48. Ke1 Kb1 49. Kd1 g5 50. g4 h6 51. Rc1+ Kxb2 52. Rc2+ Kb3 53. Kc1 c3 0-1